[Event "V Stadium Casablanca Open"]
[Site "Zaragoza ESP"]
[Date "2011.12.31"]
[Round "9"]
[White "Moreno Gracia,Dan"]
[Black "Glavina,P"]
[Result "1/2-1/2"]
[WhiteElo "2298"]
[BlackElo "2468"]

1.c4 c6 2.d4 d5 3.cxd5 cxd5 4.Nc3 Nf6 5.Bf4 Nc6 6.e3 Bf5 7.Bd3 Bxd3 8.Qxd3 e6
9.Nf3 Bd6 10.Bxd6 Qxd6 11.O-O O-O 12.Rac1 Rfc8  1/2-1/2

[Event "Schachbundesliga 2011-12"]
[Site "Berlin GER"]
[Date "2011.20.11"]
[Round "5"]
[White "Abel,D"]
[Black "Sarbok,T"]
[Result "1/2-1/2"]
[WhiteElo "2427"]
[BlackElo "2349"]

1.c4 c6 2.Nf3 Nf6 3.g3 d5 4.Bg2 e6 5.O-O Be7 6.d4 Nbd7 7.Qc2 O-O 8.Nbd2 b6
9.e4 Bb7 10.e5 Ne8 11.cxd5 cxd5 12.Re1 Qc7 13.Qa4 Qc6 14.Qxc6 Bxc6 15.Nf1 Nc7
16.Bd2 Rfc8 17.Rec1 Na6 18.Ne3 Bb7 19.Bf1 Rxc1 20.Rxc1 Rc8 21.Rxc8+ Bxc8
22.Ne1 Ndb8 23.N3c2 Nc7 24.f4 Bd7 25.Kf2 h5 26.Be2 g6 27.Bb4 Bxb4 28.Nxb4 Bb5
29.Bd1 a5 30.Nbc2 Nc6 31.h3 Bc4 32.b3 Ba6 33.g4 hxg4 34.hxg4 Kf8 35.Ke3 Ke7
36.Nf3 Bf1 37.Nd2 Ba6 38.Nf3 Bf1 39.Nd2 Ba6 40.a3 Kd7 41.Nb1 Bf1 42.Nd2 Ba6
43.Bf3 Ke7 44.Nb1 Bf1 45.Nc3 b5 46.f5 gxf5 47.gxf5 b4 48.f6+ Kf8 49.axb4 axb4
50.Be2 Bxe2 51.Nxe2 Na6 52.Nc1 Na5 53.Nd3 Nxb3 54.Ncxb4 Nxb4 55.Nxb4 Na5
56.Na6 Kg8 57.Nc7 Nc4+ 58.Kd3 Kf8 59.Kc3 Ne3 60.Kb4 Nf5 61.Kc5 Ne3 62.Nb5 Nc2
63.Kd6 Ne3 64.Kd7 Nf5 65.Kd8 Ne3 66.Na7 Nf5 67.Nc6 Ne3 68.Kc7 Nf5 69.Kd7 Ng3
70.Nd8 Ne2 71.Nc6 Nf4 72.Nb4 Ne2 73.Nc2 Nf4 74.Ne1 Ne2 75.Nf3 Nf4 76.Kd8 Ne2
77.Kd7 Nf4 78.Ng5 Ne2 79.Nf3 Nf4 80.Ng5  1/2-1/2

[Event "XLI Rilton Cup 2011-12"]
[Site "Stockholm SWE"]
[Date "2012.01.01"]
[Round "5"]
[White "Mack,W"]
[Black "Lindgren,P"]
[Result "0-1"]
[WhiteElo "2293"]
[BlackElo "2152"]

1.c4 c6 2.b3 d5 3.Bb2 Bg4 4.g3 e6 5.Bg2 Nf6 6.Nf3 Nbd7 7.O-O Bd6 8.d4 Qe7
9.Nbd2 h6 10.Re1 Bf5 11.Ne5 O-O 12.Nxd7 Qxd7 13.f3 Rfe8 14.e4 dxe4 15.fxe4 Bg4
16.Bf3 e5 17.d5 Bc5+ 18.Kh1 a5 19.Qe2 Bb4 20.Bxg4 Nxg4 21.h3 Nf6 22.Kg2 a4
23.Qd3 cxd5 24.cxd5 Rac8 25.Rac1 a3 26.Bc3 Bxc3 27.Rxc3 Rxc3 28.Qxc3 Rc8
29.Qd3 Qc7 30.Nc4 b5 31.Nxa3 Qa5 32.Nc2 Rc3 33.Qe2 Qxa2 34.Na1 Qa5 35.Kh2 Qb4
36.d6 Qxd6 37.Qxb5 Qd4 38.Qe2 Qc5 39.Qb2 Qb4 40.Qd2 Qc5 41.g4 Nh7 42.Qd8+ Nf8
43.Kg2 Kh7 44.Qd5 Qc7 45.Qd2 Ne6 46.Re3 Nf4+ 47.Kh2 Rc6 48.Re1 Rc3  0-1

[Event "24th Staufer-Open"]
[Site "Schwaebisch Gmuend GER"]
[Date "2012.01.02"]
[Round "1"]
[White "Waibel,R"]
[Black "Bluebaum,M"]
[Result "0-1"]
[WhiteElo "1861"]
[BlackElo "2413"]

1.c4 c6 2.Nf3 Nf6 3.Nc3 d5 4.cxd5 cxd5 5.d4 Nc6 6.g3 Bf5 7.Nh4 Bg4 8.Bg2 e6
9.O-O Bd6 10.Nb5 Bb8 11.Bg5 Qb6 12.Bxf6 gxf6 13.Qb3 Bxe2 14.Rfe1 Qxb5 15.Rxe2 Qxb3
16.axb3 Nxd4 17.Re3 O-O 18.Rd1 Nc6  0-1

[Event "Northern California International"]
[Site "Fremont USA"]
[Date "2012.01.03"]
[Round "2"]
[White "Meier,Geo"]
[Black "Collins,S IRL"]
[Result "1/2-1/2"]
[WhiteElo "2671"]
[BlackElo "2426"]

1.c4 c6 2.Nf3 d5 3.e3 Nf6 4.d4 a6 5.Bd2 g6 6.Nc3 Bg7 7.Bd3 O-O 8.h3 Nbd7
9.cxd5 Nxd5 10.e4 Nxc3 11.bxc3 e5 12.Rc1 Nc5 13.dxc5 Qxd3 14.Qe2 Qb5 15.Be3 Rd8
16.Nd2 Qa4 17.O-O Qxa2 18.Rb1 Rb8 19.Rfc1 Be6 20.Ra1 Qb2 21.Qd1 Bb3 22.Qxb3 Rxd2
23.Rcb1 Qxb3 24.Rxb3 Rd3 25.g4 f5 26.gxf5 gxf5 27.exf5 Kf7 28.Kf1 e4 29.Bf4 Rg8
30.Rxb7+ Kf6 31.Rxa6 Kxf5 32.Bg3 Be5 33.Bxe5 Kxe5 34.Rxh7 Rd1+ 35.Ke2 Rgg1
36.f4+ Kxf4 37.Rf7+ Ke5 38.Raa7 Rge1+ 39.Kf2 Rf1+ 40.Ke2 Rfe1+ 41.Kf2 Rf1+
42.Ke2  1/2-1/2

[Event "15th Guben Neujahrsopen"]
[Site "Guben GER"]
[Date "2012.01.04"]
[Round "6.1"]
[White "Ivanov,MM"]
[Black "Sumets,A"]
[Result "1/2-1/2"]
[WhiteElo "2389"]
[BlackElo "2569"]

1.c4 c6 2.d4 d5 3.cxd5 cxd5 4.Nc3 Nf6 5.Bf4 Nc6 6.e3 Bf5 7.Qb3 Na5 8.Bb5+ Bd7
9.Qa4 Nc6 10.Nf3 e6 11.Ne5 Nxe5 12.Bxe5 a6 13.Bxd7+ Nxd7 14.Bg3 Be7 15.O-O b5
16.Qc2 O-O 17.a4 b4 18.Ne2 Rc8 19.Qd3 Qb6 20.Rfc1 Qb7 21.b3 Rxc1+ 22.Rxc1 Rc8
23.Qd2 Nb6 24.Rxc8+ Nxc8  1/2-1/2

[Event "5th Costa Viola Open A"]
[Site "Palmi ITA"]
[Date "2012.01.04"]
[Round "5"]
[White "Epishin,V"]
[Black "Lazic,Mir"]
[Result "1-0"]
[WhiteElo "2561"]
[BlackElo "2470"]

1.c4 c6 2.e4 e5 3.Nf3 d6 4.d4 Bg4 5.Be2 Nd7 6.Be3 Be7 7.Nbd2 Ngf6 8.O-O O-O
9.Qc2 Bh5 10.h3 Re8 11.dxe5 Nxe5 12.Rfe1 Nxf3+ 13.Bxf3 Bg6 14.Rad1 d5 15.Bd4 dxe4
16.Nxe4 Nxe4 17.Bxe4 Bf6 18.Bxg6 Rxe1+ 19.Rxe1 hxg6 20.Bc5 b6 21.Be3 Qc7
22.Rd1 Rd8 23.b4 Rd7 24.a4 Qd8 25.Rxd7 Qxd7 26.c5 bxc5 27.Bxc5 a6 28.Qe2 Qc8
29.g3 Kh7 30.a5 Kg8 31.Kg2 Kh7 32.h4 Kg8 33.Qd3 Kh8 34.Qe2 Kg8 35.Kg1 Kh7
36.h5 gxh5 37.Qxh5+ Kg8 38.Qe2 Kh7 39.Kg2 Kg8 40.f3 Bc3 41.g4 Bf6 42.Qd3 g6
43.Kf2 Bh4+ 44.Ke2 Bf6 45.Qc4 Bg7 46.Kd2 Bf6 47.Kc2 Bg7 48.Bd4 Bxd4 49.Qxd4 Qe6
50.Qd3 Qc8 51.Kc3 Kf8 52.Qd6+ Kg8 53.Kd4 Qb7 54.Ke5 Kg7 55.g5 Qb5+ 56.Qc5 Qb8+
57.Ke4 Kg8 58.f4 Qe8+ 59.Kd3 Qd7+ 60.Qd4 Qe6 61.Qc4 Qf5+ 62.Kc3 Qc8 63.Kd4 Qb7
64.Kc5 Kf8 65.Qd4 Qa7+ 66.Kc4 Qb8 67.Qh8+  1-0

[Event "Donostia GpC"]
[Site "San Sebastian ESP"]
[Date "2012.01.04"]
[Round "6.2"]
[White "Strikovic,A"]
[Black "Komljenovic,D"]
[Result "1/2-1/2"]
[WhiteElo "2564"]
[BlackElo "2451"]

1.c4 c6 2.Nf3 d5 3.e3 Nf6 4.Nc3 g6 5.b3 Bg7 6.Bb2 O-O 7.Be2 b6 8.O-O Bb7
9.Qc2 a6 10.d4 b5 11.a3 Nbd7 12.Rfd1 Qc7 13.Rac1 Rac8 14.Bd3 e6 15.Qe2 Qb8
16.c5 e5 17.Nxe5 Nxe5 18.dxe5 Nd7 19.Nb1 Nxe5 20.Bd4 Rce8 21.Nd2 a5 22.Bb1 Qc7
23.Nf1 f5 24.Qd2 Ra8 25.h3 Qe7 26.Ng3 a4 27.f4 Nd7 28.b4 Rae8 29.Bxg7 Kxg7
30.Re1 Bc8 31.Nf1 Nf6 32.Qd4 Kg8 33.Nh2 Qg7 34.Nf3 Re6 35.Bd3 Rfe8 36.Re2 Ne4
37.Qxg7+ Kxg7 38.Nd4 Rf6 39.Nxc6 Rxc6 40.Bxb5 Bd7 41.Rec2 Rb8 42.Bxa4 Rc7
43.Bxd7 Rxd7 44.Rd1 Nf6 45.c6 Rc7 46.Rb1 Nd7 47.b5 Nb6 48.Rb4 Ra8 49.Rc3 Kf7
50.Kf2 Ke6 51.a4 Kd6 52.Ra3 Rca7 53.g4 Rxa4 54.Raxa4 Rxa4 55.Rb3 Kc7 56.gxf5 gxf5
57.Kg3 Nc4 58.Kh4 Ra3 59.Rxa3 Nxa3 60.Kg5 Nxb5 61.Kxf5 Kd6 62.Kf6 Kxc6 63.Ke6 d4
64.exd4 Nxd4+ 65.Kf6 Kd5 66.Kg5 Ke4 67.Kh6 Kxf4 68.Kxh7 Kg3 69.Kg6 Kxh3  1/2-1/2

[Event "24th Staufer-Open"]
[Site "Schwaebisch Gmuend GER"]
[Date "2012.01.06"]
[Round "9"]
[White "Zubarev,Al1"]
[Black "Bluebaum,M"]
[Result "1-0"]
[WhiteElo "2597"]
[BlackElo "2413"]

1.c4 c6 2.e4 d5 3.exd5 cxd5 4.cxd5 Nf6 5.Nc3 Nxd5 6.Nf3 Nc6 7.d4 Bg4 8.Be2 e6
9.O-O Be7 10.h3 Bxf3 11.Bxf3 O-O 12.Nxd5 exd5 13.Be3 Bf6 14.Rc1 Qd6 15.Rc5 Ne7
16.Qd2 Rfc8 17.Rfc1 b6 18.Bf4 Qd8 19.Bc7 Qd7 20.R5c3 Nf5 21.Be5 Rxc3 22.Rxc3 Qe6
23.Rc7 Bxe5 24.dxe5 Ne7 25.Qd4 Re8 26.Bg4 Nf5 27.Qf4 g6 28.Bxf5 gxf5 29.Rxa7 Qxe5
30.Qxe5 Rxe5 31.Kf1 d4 32.Rd7 Rb5 33.b3 Rc5 34.Rxd4 Rc2 35.a4 Rc6 36.Rd5  1-0

[Event "24th Staufer-Open"]
[Site "Schwaebisch Gmuend GER"]
[Date "2012.01.06"]
[Round "9"]
[White "Miezis,N"]
[Black "Burmakin,V"]
[Result "1/2-1/2"]
[WhiteElo "2544"]
[BlackElo "2593"]

1.c4 c6 2.e4 d5 3.exd5 cxd5 4.cxd5 Nf6 5.Nc3 Nxd5 6.Nf3 Nxc3 7.bxc3 g6 8.d4 Bg7
9.Bc4 O-O 10.O-O Qc7  1/2-1/2

[Event "TCh-CZE Extraliga 2011-12"]
[Site "Czech Republic CZE"]
[Date "2012.01.08"]
[Round "6.7"]
[White "David,Pa"]
[Black "Cech,P"]
[Result "0-1"]
[WhiteElo "2386"]
[BlackElo "2369"]

1.c4 c6 2.e4 e5 3.Nf3 d6 4.d4 Nd7 5.Nc3 Ngf6 6.Be2 Be7 7.O-O O-O 8.Re1 a6
9.Bg5 Ng4 10.Bc1 Ngf6 11.Bf1 b5 12.a3 Bb7 13.h3 Re8 14.Bg5 h6 15.Bh4 Nh7
16.Bg3 Ng5 17.Nxg5 Bxg5 18.d5 cxd5 19.Nxd5 Bxd5 20.cxd5 Nb6 21.b3 Qf6 22.a4 bxa4
23.bxa4 Nd7 24.Rb1 Nc5 25.f3 Bh4 26.Bxh4 Qxh4 27.Rb6 Qd8 28.a5 Rb8 29.Qb1 Rxb6
30.axb6 Re7 31.Qb4 Rb7 32.Rb1 Qb8 33.Qa5 Nd7 34.Qxa6 Rxb6 35.Rxb6 Nxb6 36.Bb5 Nc8
37.Qc6 Ne7 38.Qe8+ Qxe8 39.Bxe8 f5 40.Kf2 f4 41.Bd7 Kf7 42.Kf1 Kf8 43.Be6 Ke8
44.Kg1 Kd8 45.Kh2 Kc7 46.Kg1 Kb6 47.Kf2 Kc5 48.Ke2 Kd4 49.Kd2 Ng6 50.Ke2 Nf8
51.Bf5 g6 52.Be6 Nh7 53.Bf7 g5 54.Be8 Nf6 55.Ba4 h5 56.Bc6 g4 57.hxg4 hxg4
58.Bb5 gxf3+ 59.gxf3 Nxe4 60.fxe4 Kxe4 61.Bc6 f3+ 62.Kf2 Kf4 63.Ba4 e4 64.Bd1 e3+
65.Ke1 Kg4 66.Kf1 Kg3 67.Ke1 Kg2 68.Bxf3+ Kxf3 69.Kf1 Ke4 70.Ke2 Kd4  0-1

[Event "ch-AUS 2011-12"]
[Site "North Geelong AUS"]
[Date "2012.01.08"]
[Round "11.8"]
[White "Morris,J"]
[Black "Wallis,C"]
[Result "1/2-1/2"]
[WhiteElo "2364"]
[BlackElo "2268"]

1.c4 c6 2.b3 d5 3.Bb2 Bf5 4.Nf3 e6 5.g3 Nf6 6.Bg2 Nbd7 7.O-O Bd6 8.d3 Qe7
9.a3 h6 10.Nbd2 Bh7 11.Ra2 e5 12.Ne1 O-O 13.b4 e4 14.dxe4 dxe4 15.c5 Bc7
16.Nc2 Rad8 17.Ne3 Ne5 18.Qc1 Qe6 19.Ra1 Rfe8 20.Ndc4 Nxc4 21.Qxc4 Nd5 22.Qd4 f6
23.Nxd5 Rxd5 24.Qe3 Be5 25.Bxe5 Qxe5 26.Qb3 Kh8 27.Rad1 Red8 28.Rxd5 Qxd5
29.Qxd5 Rxd5 30.Ra1 Kg8 31.Kf1 Kf7 32.Ke1 Ke6 33.Rd1 Rxd1+ 34.Kxd1 Ke5 35.Kd2 Bg8
36.Kc3 Bd5 37.f4+ exf3 38.exf3 g5 39.f4+ gxf4 40.gxf4+ Ke6 41.Bh3+ f5 42.Kd4 Kf6
43.b5 b6 44.Bf1 Be4 45.Bc4 cxb5 46.Bxb5 bxc5+ 47.Kxc5 Ke7 48.Bc6 Bd3 49.Bf3 Ke6
50.Bb7 Bc2 51.Bc8+ Kf6 52.Kd6 Kg6 53.Ke5 a5 54.Bd7 Bb1 55.Be8+ Kg7 56.h4 Bc2
57.h5 Bd3 58.Bg6 Be2 59.Kxf5 Bc4 60.Ke5 Bb3 61.f5 Ba2 62.f6+ Kf8 63.Kd4 Bb3
64.Kc5 Bd1 65.Kb5 a4 66.Kb4 Bb3 67.Kc3 Bd1 68.Kb4 Kg8 69.Kb5 Kf8 70.Kb4 Bb3
71.Kc3 Bd1 72.Kb4 Bb3  1/2-1/2

[Event "4th Chennai Open"]
[Site "Chennai IND"]
[Date "2012.01.10"]
[Round "9"]
[White "Sethuraman,S"]
[Black "Yu Ruiyuan"]
[Result "1/2-1/2"]
[WhiteElo "2529"]
[BlackElo "2491"]

1.c4 c6 2.Nf3 d5 3.g3 Bg4 4.Bg2 Nd7 5.cxd5 cxd5 6.Nc3 e6 7.Qb3 Bxf3 8.Bxf3 Qb6
9.Qxb6 Nxb6 10.d3 Bc5 11.O-O Ne7 12.Nb5 Kd7 13.Bf4 Nc6 14.Rfc1 Be7 15.Be3 Nc8
16.Nd4 Bf6 17.Nxc6 bxc6 18.Rc2 Rb8 19.Rb1 Nd6 20.Bc5 Nf5 21.e3 Be7 22.Bxe7 Nxe7
23.d4 Kd6 24.Be2 f6 25.b3 e5 26.dxe5+ fxe5 27.e4 Rb4 28.exd5 cxd5 29.Rbc1 Rhb8
30.Rc5 R8b6 31.Rc7 Rb7 32.R7c2 R4b6 33.Rd1 Rc6 34.Bd3 Rxc2 35.Bxc2 h6 36.f4 exf4
37.gxf4 Rb4 38.Rf1 Nc6 39.Kg2 Rd4 40.Rf2 Nb4 41.Kf3 Nxc2 42.Rxc2 Rd3+ 43.Kg4 Re3
44.Kf5 Re8 45.Rd2 Re7 46.b4 Re4 47.a3 Re6 48.h4 g6+ 49.Kg4 Re1 50.h5 Rg1+
51.Kf3 g5 52.fxg5 Rxg5 53.Rh2 Rf5+ 54.Ke3 Ke5 55.Rh4 Rg5 56.Rh3 Rg1 57.Kd3 d4
58.a4 Ra1 59.Rh2 Rxa4 60.Re2+ Kd5 61.Re7 Ra3+ 62.Kd2 Kc4 63.Rc7+ Kxb4 64.Rc6 Rh3
65.Rxh6 a5 66.Rd6 Kc4 67.Rc6+ Kb3 68.Rb6+ Kc4 69.Rc6+ Kb5 70.Rd6 Rh2+ 71.Kd3 a4
72.Rxd4 a3 73.Rd8 a2 74.Ra8 Kb4 75.h6 Kb3 76.Rb8+ Ka3 77.Ra8+ Kb2 78.Rb8+ Kc1
79.Rc8+ Kb2 80.Rb8+ Ka3 81.Ra8+ Kb4 82.h7  1/2-1/2

[Event "Andranik Margaryan Memorial 2012"]
[Site "Yerevan ARM"]
[Date "2012.01.11"]
[Round "5"]
[White "Belous,V"]
[Black "Sveshnikov,E"]
[Result "1/2-1/2"]
[WhiteElo "2522"]
[BlackElo "2513"]

1.c4 c6 2.Nf3 d5 3.e3 Nf6 4.d4 Bf5 5.cxd5 Bxb1 6.Rxb1 Qxd5 7.b3 e6 8.Bd2 Ne4
9.Bc4 Qd6 10.O-O Nxd2 11.Nxd2 Be7 12.f4 g6 13.Ne4 Qc7 14.g4 h5 15.g5 Nd7
16.b4 Nb6 17.Be2 O-O 18.Bxh5 a5 19.Qg4 Kg7 20.Bxg6 fxg6 21.Qxe6 Qd7 22.Qxd7 Nxd7
23.bxa5 Rfb8 24.f5  1/2-1/2

[Event "4th Chennai Open"]
[Site "Chennai IND"]
[Date "2012.01.12"]
[Round "11"]
[White "Gagare,Shar"]
[Black "Neelotpal,D"]
[Result "1/2-1/2"]
[WhiteElo "2268"]
[BlackElo "2471"]

1.c4 c6 2.g3 d5 3.Nf3 Nf6 4.Bg2 dxc4 5.O-O Nbd7 6.Qc2 Nb6 7.Na3 Qd5 8.Ne1 Qd4
9.e3 Qg4 10.e4 g6 11.Nxc4 Nxc4 12.Qxc4 Bg7 13.Nc2 Qh5 14.f3 O-O 15.d4 Rd8
16.Be3 Ne8 17.Qe2 Qa5 18.a4 Be6 19.b4 Qc7 20.Rfd1 Rd7 21.Ra3 Qd8 22.Rc3 Nd6
23.Bf1 a5 24.b5 cxb5 25.axb5 a4 26.Rc1 Ne8 27.Qf2 Bb3 28.Na1 Bxd4 29.Bxd4 Rxd4
30.Nxb3 axb3 31.Rxb3 e5  1/2-1/2

[Event "Andranik Margaryan Memorial 2012"]
[Site "Yerevan ARM"]
[Date "2012.01.13"]
[Round "8"]
[White "Belous,V"]
[Black "Baghdasaryan,V"]
[Result "1-0"]
[WhiteElo "2522"]
[BlackElo "2393"]

1.c4 c6 2.Nf3 d5 3.e3 Nf6 4.b3 e6 5.Bb2 Bd6 6.d4 O-O 7.Bd3 Nbd7 8.Nbd2 Qc7
9.O-O Re8 10.Rc1 e5 11.c5 e4 12.cxd6 Qxd6 13.Bb1 exf3 14.Qxf3 Nf8 15.Qg3 Qe7
16.Rfe1 Ng6 17.a4 Be6 18.f3 Nh5 19.Qf2 f5 20.Bd3 Qg5 21.Ba3 Bd7 22.Kh1 a5
23.Bd6 f4 24.exf4 Nhxf4 25.Bf1 Qf6 26.Bc7 b5 27.Rxe8+ Bxe8 28.b4 axb4 29.a5 Ne6
30.Bb6 Ne7 31.Nb3 Nc8 32.Qe1 Nxb6 33.axb6 Rb8 34.Ra1 Rxb6 35.Ra8 Kf7 36.Nc5 Nd8
37.Qxb4 Qe7 38.Qa5 Rb7 39.Qxd8 Qxd8 40.Rxd8 Ra7 41.Kg1 Ra2 42.Rb8 Rb2 43.Bd3 Rb4
44.Bxh7 Rxd4 45.Rb7+ Kf6 46.Bd3 Rb4 47.g4 g5 48.Kf2 Ke5 49.Re7+ Kd4 50.Rxe8 Kxc5
51.h4 gxh4 52.g5 Rb2+ 53.Be2 Ra2 54.g6 Ra7 55.f4 Rg7 56.f5 Kb4 57.Bh5  1-0

[Event "50th TCh-DEN XtraCon 2011-12"]
[Site "Denmark DEN"]
[Date "2012.01.14"]
[Round "4.7"]
[White "Jacobsen,Bo"]
[Black "Rasmussen,M2"]
[Result "1-0"]
[WhiteElo "2317"]
[BlackElo "1975"]

1.c4 c6 2.g3 d5 3.Nf3 Nf6 4.Bg2 Bf5 5.cxd5 cxd5 6.Qb3 Qc7 7.Nc3 e6 8.d3 Nc6
9.Bf4 Bd6 10.Nb5 Qa5+ 11.Bd2 Bb4 12.Nd6+ Ke7 13.Nxf5+ exf5 14.Bxb4+ Qxb4+
15.Qxb4+ Nxb4 16.Kd2 Rac8 17.Rhc1 Rxc1 18.Rxc1 Nc6 19.b4 a6 20.h3 g6 21.a4 Rc8
22.Rb1 b5 23.a5 h6 24.Rc1 Kd8 25.Rb1 Ke7 26.e3 Kd6 27.Ne1 Rc7 28.Nc2 Rc8
29.Rb3 Rc7 30.Rc3 Ne7 31.Nd4 Rxc3 32.Kxc3 Nd7 33.Nb3 Ke5 34.f4+ Kd6 35.Bf3 h5
36.e4 Ke6 37.Nd4+ Kd6 38.exf5 Nxf5 39.Nxf5+ gxf5 40.Bxh5 Ke6 41.Kd4 Nf6 42.Bd1 Nd7
43.Bf3  1-0

[Event "TCh-SVK Extraliga 2011-12"]
[Site "Slovakia SVK"]
[Date "2012.01.14"]
[Round "5"]
[White "Neuman,P"]
[Black "Antoniewski,R"]
[Result "1-0"]
[WhiteElo "2463"]
[BlackElo "2585"]

1.c4 c6 2.d4 d5 3.e3 Nf6 4.Nf3 Bf5 5.Nc3 e6 6.Nh4 Bg6 7.Be2 Nbd7 8.O-O Bd6
9.g3 O-O 10.Bd2 dxc4 11.Nxg6 hxg6 12.Bxc4 Qe7 13.Qc2 c5 14.dxc5 Nxc5 15.b4 Ncd7
16.a3 Rac8 17.Qb3 Rfd8 18.Rfd1 g5 19.h3 g4 20.hxg4 Nxg4 21.Be2 Ndf6 22.Be1 Be5
23.Rxd8+ Qxd8 24.Rd1 Qb6 25.Rd3 Nh6 26.Qd1 Nf5 27.Na4 Qc6 28.f4 Bc7 29.Bf3 Qb5
30.Nc5 b6 31.a4 Qe8 32.Na6 Qe7 33.e4 Nh6 34.b5 e5 35.Bb4 Qe6 36.f5 Qa2 37.Rd2 Qc4
38.Qc2 Qxc2 39.Rxc2 Ne8 40.Rc6 Kh7 41.Kg2 Ng8 42.Bh5 Nh6 43.Be7 Ng8 44.Bg5 Nd6
45.Kf3 g6 46.Bg4 gxf5 47.Bxf5+ Nxf5 48.exf5 f6 49.Bh4 e4+ 50.Ke3 Ne7 51.Rxc7  1-0

[Event "50th TCh-DEN XtraCon 2011-12"]
[Site "Denmark DEN"]
[Date "2012.01.15"]
[Round "5.8"]
[White "Hagen,Kr"]
[Black "Nohr,F"]
[Result "1/2-1/2"]
[WhiteElo "2190"]
[BlackElo "2110"]

1.c4 c6 2.d4 d5 3.cxd5 cxd5 4.Nc3 Nf6 5.Bf4 Nc6 6.e3 a6 7.Bd3 e6 8.Nf3 Bd6
9.Bxd6 Qxd6 10.O-O O-O 11.Rc1 e5 12.dxe5 Nxe5 13.Be2 Bf5 14.Qb3 Nc6 15.Rfd1 Rfd8
16.Rd2 b5 17.Nd4 Na5 18.Qd1 Bg6 19.Bf3 Nc4 20.Re2 Ne5 21.Rd2 Nc4  1/2-1/2

[Event "37th Seville Open"]
[Site "Seville ESP"]
[Date "2012.01.15"]
[Round "9"]
[White "Matamoros Franco,C"]
[Black "Torres Ventosa,P"]
[Result "1-0"]
[WhiteElo "2552"]
[BlackElo "2324"]

1.c4 c6 2.Nf3 d5 3.g3 Nf6 4.Bg2 a6 5.O-O e6 6.d4 dxc4 7.Ne5 c5 8.dxc5 Qxd1
9.Rxd1 Bxc5 10.Nc3 O-O 11.Nxc4 Nbd7 12.Bf4 e5 13.Bg5 Rb8 14.Rac1 b5 15.Na5 h6
16.Bxf6 Nxf6 17.Nd5 Bd4 18.Nxf6+ gxf6 19.Nc6 Be6 20.Nxb8 Rxb8 21.Rd2 b4 22.e3 Bb6
23.Rd6 Bxa2 24.Rcc6 Bd8 25.Rxa6 b3 26.Ra8 Rxa8 27.Bxa8 Be7 28.Rd7  1-0

[Event "TCh-SWE 2011-12"]
[Site "Sweden SWE"]
[Date "2012.01.15"]
[Round "6"]
[White "Cicak,S"]
[Black "Berczes,D"]
[Result "0-1"]
[WhiteElo "2566"]
[BlackElo "2557"]

1.c4 c6 2.Qa4 e6 3.Nf3 d5 4.d3 Nf6 5.cxd5 exd5 6.e4 dxe4 7.dxe4 Bc5 8.Qc2 Qa5+
9.Bd2 Qb6 10.Bf4 O-O 11.Bd3 Nh5 12.Bc1 Bg4 13.Nc3 Bxf3 14.gxf3 Rd8 15.Bc4 Nd7
16.f4 Ndf6 17.O-O Qc7 18.e5 Nd5 19.Nxd5 cxd5 20.Bd3 g6 21.f5 Rac8 22.Bg5 Qxe5
23.Bxd8 Bd6 24.f4 Qd4+ 25.Kh1 Rxc2 26.Bxc2 Qd2 27.Be4 dxe4 28.Rad1 Qe2  0-1

[Event "10th Parsvnath Open"]
[Site "New Delhi IND"]
[Date "2012.01.17"]
[Round "5"]
[White "Koshy,V"]
[Black "Deviatkin,A"]
[Result "0-1"]
[WhiteElo "2276"]
[BlackElo "2574"]

1.c4 c6 2.Nf3 d5 3.cxd5 cxd5 4.d4 Nf6 5.Nc3 Nc6 6.Bf4 a6 7.e3 Bg4 8.Be2 e6
9.O-O Be7 10.h3 Bh5 11.Ne5 Bxe2 12.Qxe2 O-O 13.Nxc6 bxc6 14.Rfc1 Nd7 15.Na4 Qa5
16.Qd1 Rfc8 17.a3 Qd8 18.b4 a5 19.Qb3 Nb6 20.Nc5 Nc4 21.Qc3 Ra7 22.Nb3 axb4
23.axb4 Rxa1 24.Rxa1 Ra8 25.Nc5 g5 26.Bg3 h5 27.f3 Rxa1+ 28.Qxa1 Nxe3 29.Qa6 Nc2
30.Qxc6 Nxd4 31.Qb7 Ne2+ 32.Kf2 Nxg3 33.Kxg3 Bd6+ 34.Kf2 g4  0-1

[Event "74th Tata Steel GMB"]
[Site "Wijk aan Zee NED"]
[Date "2012.01.20"]
[Round "6"]
[White "Reinderman,D"]
[Black "L'Ami,E"]
[Result "1/2-1/2"]
[WhiteElo "2581"]
[BlackElo "2596"]

1.c4 c6 2.Nf3 d5 3.g3 Nf6 4.Bg2 Bg4 5.Ne5 Bf5 6.cxd5 cxd5 7.Qa4+ Bd7 8.Nxd7 Qxd7
9.Nc3 e6 10.d4 Nc6 11.O-O Be7 12.Bg5 O-O 13.Rfd1 Rfd8 14.Bxf6 Bxf6 15.e4 b5
16.Qxb5 Rab8 17.exd5 exd5 18.Qxd5 Nxd4 19.Qxd7 Rxd7 20.Rab1 Rdd8 21.Nd5 Be5
22.Kf1 g6 23.b4 Kf8 24.a4 Nc6 25.Rdc1 Ne7 26.Ne3 Rd4 27.Rc4 Rd2 28.Rc2 Rd4
29.Nc4 Bc7 30.b5 Nf5 31.a5 Rxc4 32.Rxc4 Bxa5 33.Bh3 Nd6 34.Ra4 Bb6 35.Bg2 Re8
36.Bc6 Re5 37.Ra2 h5 38.Rd2 Nc4 39.Re2 Rf5 40.Kg2 Nd6 41.Rb3 Rc5 42.Rd2 Nf5
43.Be4 Ne7 44.Rd7 Re5 45.Bd3 Ke8 46.Rb7 Nc8 47.Rb2 Nd6 48.Rb8+ Kd7 49.Re2 Rd5
50.Bc2 Nxb5 51.Ba4 Kd6 52.Bxb5 Rxb5 53.f4 Rc5 54.Rf8 Rc7 55.Rd8+ Kc5 56.Rc2+ Kb5
57.Rxc7 Bxc7 58.Rd7 Bb6 59.Rxf7 a5 60.f5 gxf5 61.Rxf5+ Bc5 62.Rxh5 a4 63.Rd5 a3
64.Rd1 Kc4 65.Kf3 Bd4 66.Ke4 Bb2 67.g4 a2 68.g5 Kc5 69.h4 a1=Q 70.Rxa1 Bxa1
71.h5 Kd6 72.Kf5 Bc3 73.Kg6 Bd2 74.Kf6 Bxg5+ 75.Kxg5 Ke7 76.Kg6 Kf8 77.h6 Kg8
78.h7+ Kh8 79.Kh6  1/2-1/2

[Event "TCh-AUT 1st Bundesliga 2012"]
[Site "Baden AUT"]
[Date "2012.01.21"]
[Round "2.6"]
[White "Wagner,Stef AUT"]
[Black "Volkmann,F"]
[Result "0-1"]
[WhiteElo "2156"]
[BlackElo "2410"]

1.c4 c6 2.g3 d5 3.Bg2 Nf6 4.Nf3 dxc4 5.Qc2 Qd5 6.Nc3 Qa5 7.Nd1 b5 8.a4 e6
9.Ne3 Bb7 10.O-O Nbd7 11.d4 cxd3 12.exd3 Qb6 13.b3 a6 14.Bb2 Bd6 15.h4 O-O
16.Rfe1 c5 17.Rad1 Rac8 18.Qe2 Rfd8 19.axb5 axb5 20.Bh3 Re8 21.Ng5 Be5 22.Bc1 Bc3
23.Rf1 Bd4 24.Kh2 h6 25.Nf3 Ne5 26.Nxe5 Bxe5 27.Nc4 bxc4 28.Qxe5 cxb3 29.Bxh6 Qd8
30.Bg5 Qd4 31.Qe2 Ra8 32.Be3 Qe5 33.d4 cxd4 34.Qb2 Ng4+ 35.Bxg4 Qe4 36.f3 Qxe3
37.Qxd4 Ra2+ 38.Kh1 Qe2 39.Qg1 Rc8 40.Rde1 Qc4 41.Bh3 Rc2  0-1

[Event "10th Parsvnath Open"]
[Site "New Delhi IND"]
[Date "2012.01.21"]
[Round "9.33"]
[White "Kulkarni,C"]
[Black "Chakravarthi,Y"]
[Result "1/2-1/2"]
[WhiteElo "2290"]
[BlackElo "2038"]

1.c4 c6 2.b3 d5 3.Bb2 Bf5 4.Nf3 e6 5.e3 Nf6 6.Be2 Bd6 7.Nh4 Be4 8.d3 Bb4+
9.Kf1 Bg6 10.Nxg6 hxg6 11.Nd2 Qa5 12.Nf3 Bc3 13.Bxc3 Qxc3 14.Rc1 Qa5 15.Qc2 Nbd7
16.g3 O-O 17.Kg2 Qa3 18.d4 a5 19.c5 a4 20.b4 Ne4 21.Bd3 Ndf6 22.Ne5 Qxb4
23.Rb1 Qc3 24.Rxb7 Qxc2 25.Bxc2 Nc3 26.Nxc6 Nxa2 27.Ra1 Nc3 28.Ra3 Nfe4 29.f3 Nd2
30.Rxc3 a3 31.Na7 Nc4 32.Bd3 a2 33.Rc1 Na5 34.Rb2 Rxa7 35.Rxa2 Rfa8 36.Rb2 Kf8
37.Rcb1 Ke7 38.g4 Kd7 39.Rb8 Rxb8 40.Rxb8 Nc4 41.Bxc4 dxc4 42.Rb4 Ra2+ 43.Kg3 Rc2
44.Kf4 Kc6 45.Ke4 g5 46.h3 Rc3 47.Ra4 f5+ 48.gxf5 exf5+ 49.Kxf5 Rxe3 50.Rxc4 Rxf3+
51.Kxg5 Rxh3 52.Kg6 Rg3+ 53.Kf7 g5 54.Ke7 Re3+ 55.Kf6 Kd5 56.Rb4 Rg3 57.Ra4 Rg1
58.Ra8 Kxd4 59.c6 Rc1 60.Rd8+ Ke3 61.Rc8 Rc5  1/2-1/2

[Event "TCh-AUT 1st Bundesliga 2012"]
[Site "Baden AUT"]
[Date "2012.01.22"]
[Round "3.1"]
[White "Socko,B"]
[Black "Lenic,L"]
[Result "1/2-1/2"]
[WhiteElo "2636"]
[BlackElo "2637"]

1.c4 c6 2.d4 d5 3.e3 Nf6 4.Nf3 Bg4 5.Nc3 e6 6.Qb3 Qc7 7.Ne5 Nbd7 8.Nxg4 Nxg4
9.cxd5 exd5 10.h3 Ngf6 11.Bd2 Bd6 12.Bd3 O-O 13.g4 Rfe8 14.Qc2 Bb4 15.O-O-O c5
16.dxc5 Nxc5 17.Kb1 Nxd3 18.Qxd3 Bxc3 19.Bxc3 Ne4 20.Qd4 Nxc3+ 21.Qxc3 Qe7
22.Rd4 Qf6 23.Qd2 Rac8 24.Rxd5 Qf3 25.Rd1 Qxh3 26.Qd4 Qf3 27.Rf5 Qe2 28.Rd2 Qe1+
29.Rd1 Qe2 30.Rd2 Qe1+ 31.Rd1  1/2-1/2

[Event "ch-Belgrade 2012"]
[Site "Belgrade SRB"]
[Date "2012.01.23"]
[Round "2.14"]
[White "Masic,P"]
[Black "Dunjic,D"]
[Result "1-0"]
[WhiteElo "2372"]
[BlackElo "2122"]

1.c4 c6 2.g3 Nf6 3.Bg2 g6 4.b3 Bg7 5.Bb2 O-O 6.Nf3 d5 7.O-O Qb6 8.Na3 Na6
9.d3 Qa5 10.Nc2 Re8 11.Qb1 dxc4 12.bxc4 Qh5 13.Ne3 e5 14.Re1 Nc5 15.a4 Nb3
16.Bxe5 Nxa1 17.Qxa1 Re6 18.g4 Nxg4 19.Nxg4 Qxg4 20.Bxg7 g5 21.Bh8 f6 22.Bxf6 Qf5
23.Bh8 Qf8 24.Be5 Bd7 25.Bg3 Qe7 26.Ne5 h5 27.h3 Re8 28.d4 h4 29.Bh2 Rh6
30.Qc1 Rd8 31.a5 Be8 32.d5 a6 33.Ng4 Rg6 34.e4 Bd7 35.d6 Qe6 36.e5 Rf8 37.Qb1 Qf7
38.Qxb7 Bxg4 39.Qxf7+ Kxf7 40.hxg4 Rc8 41.Be4  1-0

[Event "Gibraltar Open"]
[Site "Caleta ENG"]
[Date "2012.01.24"]
[Round "1.95"]
[White "Boesch,Heinz"]
[Black "Hallerod,R"]
[Result "0-1"]
[WhiteElo "1904"]
[BlackElo "2124"]

1.c4 c6 2.g3 d5 3.Bg2 d4 4.d3 e5 5.Nf3 Bf5 6.Qb3 Bc8 7.e3 Na6 8.exd4 exd4
9.O-O Be7 10.Nbd2 Nf6 11.Re1 O-O 12.a3 Nc5 13.Qc2 Bf5 14.Bf1 a5 15.b3 h6
16.Bb2 Ne6 17.Bg2 Rb8 18.Nh4 Bh7 19.Bh3 Ng5 20.Bg2 Qd7 21.Ndf3 Nxf3+ 22.Nxf3 c5
23.Bc1 Bd6 24.Bd2 b6 25.Rad1 Qf5 26.Bc1 g5 27.b4 axb4 28.axb4 Rfe8 29.b5 Rxe1+
30.Nxe1 Bg6 31.f3 Re8 32.Qf2 Re7 33.Bf1 Nd7 34.f4 gxf4 35.Bxf4 Bxf4 36.Qxf4 Qxf4
37.gxf4 Nf6 38.Ng2 Ra7 39.Nh4 Ng4 40.Ng2 Ra2 41.Re1 Nf2 42.Re2 Rxe2 43.Bxe2 Nxd3  0-1